| 000 | 01331cam a22003734i 4500 | ||
|---|---|---|---|
| 003 | PE-LiUPU | ||
| 005 | 20250731173220.0 | ||
| 008 | 150625s r 000 0 d | ||
| 035 | _a(Sirsi) a33596 | ||
| 040 |
_aPE-LiUPU _bspa _cPE-LiUPU _erda |
||
| 082 | 0 | 4 |
_a236.9 _bG786 _223 |
| 245 | 0 | 4 |
_aThe great judgment day : _bIn the light of the sanctuary service / |
| 300 |
_a96 páginas : _bilustraciones ; _c19.5 centímetros. |
||
| 336 |
_atext _2rdacontent |
||
| 337 |
_aunmediated _2rdamedia |
||
| 338 |
_avolume _2rdacarrier |
||
| 505 | _aJehovaH makes an appointment -- Locating the judment day -- What is the sanctuary? -- The atoning blood -- What is Jesus doing now? -- "The hour of his judgment is come" -- A great modern movement -- Court Week in heaven -- Weighed and found -- Appendix. | ||
| 526 | _aSEG42 | ||
| 526 | _aSEG41 | ||
| 526 | _aSEG40 | ||
| 526 | _aSEG39 | ||
| 526 | _aP94 | ||
| 526 | _aP87 | ||
| 526 | _aP86 | ||
| 526 | _aP85 | ||
| 526 | _aP77 | ||
| 526 | _aP76 | ||
| 526 | _aP35 | ||
| 650 | 0 |
_aJuicio final _93248 _x-Santuario. |
|
| 942 |
_2ddc _cBK _n0 |
||
| 949 |
_a236.9 G786 _wDEWEY _c1 _i02335 _lCCODEBUL1 _mBUL _p00.00 _r0 _sY _tBOOK _u2015-06-25 _xBIBLIOTECA _zUNKNOWN _0COMPRA _o.STAFF. Colección General |
||
| 999 |
_c41360 _d41360 |
||
| 980 |
_81 _gALBERTO SANCHEZ Responsable de Automatización |
||